| 000 | 00446cam a2200193ua 4500 | ||
|---|---|---|---|
| 001 | 10742 | ||
| 005 | 20260515114645.0 | ||
| 008 | 190330n ii |||gr||||Z||||||asm | ||
| 040 | _cMAIN | ||
| 041 | _aasm | ||
| 082 | _a891.4514 | ||
| 100 |
_aArpana Konwar, _eAuthor. |
||
| 245 | _aPrachin Asamiya gadyasaili | ||
| 250 | _a4th ed. | ||
| 260 |
_aDibrugarh: _bBanalata, _c2014. |
||
| 300 | _a250p. | ||
| 653 | _aAssamese literature | ||
| 942 | _cBK | ||
| 999 |
_c9698 _d9698 |
||